Managing acquisitions in library and information services
Đã lưu trong:
| Hovedforfatter: | |
|---|---|
| Format: | Bog |
| Sprog: | Undetermined |
| Udgivet: |
London
Facet
2004
|
| Fag: | |
| Tags: |
Tilføj Tag
Ingen Tags, Vær først til at tagge denne postø!
|
| Thư viện lưu trữ: | Trung tâm Học liệu Trường Đại học Cần Thơ |
|---|
| LEADER | 00536nam a2200193Ia 4500 | ||
|---|---|---|---|
| 001 | CTU_103019 | ||
| 008 | 210402s9999 xx 000 0 und d | ||
| 082 | |a 025.2 | ||
| 082 | |b C466 | ||
| 100 | |a Chapman, Liz | ||
| 245 | 0 | |a Managing acquisitions in library and information services | |
| 245 | 0 | |c Liz Chapman | |
| 260 | |a London | ||
| 260 | |b Facet | ||
| 260 | |c 2004 | ||
| 650 | |a Acquisitions ( libraries ),Information science | ||
| 650 | |x Management | ||
| 904 | |i Minh | ||
| 980 | |a Trung tâm Học liệu Trường Đại học Cần Thơ | ||